00224nam a2200097Ia 4500008004100000041000800041082000800049100001700057245002600074260002600100231212s1973 xx 000 0 und d aeng a541 aKopylov G.I. aScience For Every one aMascowbMir Pubc1973